000 00239nam a2200097Ia 4500
082 _aR 503 GRO
245 0 _aKwaZulu-Natal
100 _a CADMAN, Mike Johannesburg, 2009
942 _cBK
008 210817s9999 xx 000 0 und d
999 _c268681
_d268679